Chile : hasta cuando? /

A portrait of a brutal military dictatorship made during a three month visit to Chile in 1985 by David Bradbury. The footage reveals a country torn with civil strife and political unrest; military intimidation of the population; indiscriminate arrests: murder torture and disappearances were facts of...

Full description

Bibliographic Details
Other Authors: Bradbury, David (Director, Producer)
Format: Video
Language:English
Spanish
Language Notes:In English and Spanish with English subtitles.
Published: New South Wales : Frontline Films, 1986.
Series:Academic Video Online
Subjects:
Online Access:Connect to this streaming video (Alexander Street Press)

MARC

Tag First Indicator Second Indicator Subfields
LEADER 00000cgm a2200000Mi 4500
001 in00005569821
006 m o c
007 cr |n||||||||a
007 vz |za|z|
008 171201s1986 xna057 e o vueng d
005 20241201231857.5
035 |a (OCoLC)on1022738484 
040 |a ALSTP  |b eng  |e rda  |e pn  |c ALSTP  |d OCLCO  |d OCLCA  |d OCLCF  |d WYU  |d S9I  |d OCLCQ  |d OCLCO  |d CAUOI  |d OCLCO  |d AU@  |d OCLCO  |d UPM  |d OCL  |d OCLCO  |d OCLCQ  |d OCLCL  |d DXU  |d OCLCO 
019 |a 1373454397  |a 1443978728 
035 |a (OCoLC)1022738484  |z (OCoLC)1373454397  |z (OCoLC)1443978728 
041 0 |a eng  |a spa  |j eng 
043 |a s-cl--- 
082 0 4 |a 983.065  |q OCoLC  |2 22/eng/20230216 
049 |a TXAM 
245 0 0 |a Chile :  |b hasta cuando? /  |c produced and directed by David Bradbury. 
264 1 |a New South Wales :  |b Frontline Films,  |c 1986. 
300 |a 1 online resource (57 min.) 
306 |a 005632 
336 |a two-dimensional moving image  |b tdi  |2 rdacontent 
337 |a computer  |b c  |2 rdamedia 
337 |a video  |b v  |2 rdamedia 
338 |a online resource  |b cr  |2 rdacarrier 
347 |a data file  |2 rda 
380 |a Videorecording 
490 0 |a Academic Video Online 
500 |a Title from resource description page (viewed December 01, 2017). 
520 |a A portrait of a brutal military dictatorship made during a three month visit to Chile in 1985 by David Bradbury. The footage reveals a country torn with civil strife and political unrest; military intimidation of the population; indiscriminate arrests: murder torture and disappearances were facts of Chilean life. Bradbury's film traces the 12 years from 1973 to 1985 of General Augusto Pinochet's dictatorship whose forces seized power in a bloody, US-backed coup that left Marxist president Salvador Allende dead and with him any hopes of democracy remaining in Chile. Under General Pinochet's rule 50,000 Chileans have been detained, and many are missing, believed dead. 
546 |a In English and Spanish with English subtitles. 
586 |a Nominated 1987 Academy Awards, Best Documentary, Features 
586 |a Won 1987 Sundance Film Festival Cinematography Award, Documentary 
586 |a Won 1987 Sundance Film Festival Special Jury Prize, Documentary 
650 0 |a Murder victims' families  |z Chile. 
650 0 |a Student protesters  |x Violence against  |z Chile. 
651 0 |a Chile  |x Politics and government  |y 1970-1973. 
651 0 |a Chile  |x History  |y Coup d'état, 1973. 
650 6 |a Familles de victimes d'homicide  |z Chili. 
650 6 |a Manifestants étudiants  |x Violence envers  |z Chili. 
651 6 |a Chili  |x Politique et gouvernement  |y 1970-1973. 
651 6 |a Chili  |x Histoire  |y 1973 (Coup d'État) 
650 7 |a Murder victims' families  |2 fast 
650 7 |a Politics and government  |2 fast 
651 7 |a Chile  |2 fast  |1 https://id.oclc.org/worldcat/entity/E39QbtfRFbvHH9JJMfwqG33tTB 
647 7 |a Coup d'état  |c (Chile :  |d 1973)  |2 fast  |1 https://id.oclc.org/worldcat/entity/E39Qhp4vB9FDhVdTXgQCc3FBQy 
648 7 |a 1970-1973  |2 fast 
655 2 |a Documentaries and Factual Films 
655 7 |a documentary film.  |2 aat 
655 7 |a Documentary films  |2 fast 
655 7 |a History  |2 fast 
655 7 |a Nonfiction films  |2 fast 
655 7 |a Documentary films.  |2 lcgft 
655 7 |a Nonfiction films.  |2 lcgft 
655 7 |a Documentaires.  |2 rvmgf 
655 7 |a Films autres que de fiction.  |2 rvmgf 
700 1 |a Bradbury, David,  |e director,  |e producer. 
758 |i has work:  |a Chile: Hasta Cuando? (MovingImage)  |1 https://id.oclc.org/worldcat/entity/E39PCYyQ6TQXTj6TW7f7dYVqHC  |4 https://id.oclc.org/worldcat/ontology/hasWork 
856 4 0 |u http://proxy.library.tamu.edu/login?url=https://www.aspresolver.com/aspresolver.asp?MARC;3798218  |z Connect to this streaming video (Alexander Street Press)  |t 0 
955 |a Alexander Street Press subscription streaming video 
994 |a 92  |b TXA 
999 f f |s e5ee0dd2-c43a-482b-b436-58c6bd461a3b  |i d7ea72d2-83f0-4c3b-9e65-4cc4148e411a  |t 0 
952 f f |a Texas A&M University  |b College Station  |c Electronic Resources  |d Available Online  |t 0  |h Library of Congress classification 
998 f f |t 0  |l Available Online